Súčasná sakrálna architektúra východného byzantského obradu na východnom Slovensku. Spojenie tradície s novými výrazovými prostriedkami : doktorandská dizertačná práca /

Guardado en:
Detalles Bibliográficos
Autor principal: Bobčák, Ladislav, 1958- (Autor)
Formato: Libro
Publicado: Bratislava : STU FA, 2010
Materias:
Acceso en línea:CRZP
Etiquetas: Agregar Etiqueta
Sin Etiquetas, Sea el primero en etiquetar este registro!

MARC

LEADER 00000nam a22000003a 4500
001 stu221058
005 20230322125542.8
008 110209s2010----------------------------d
040 |a STU  |b slo 
100 1 |a Bobčák, Ladislav,  |d 1958-  |4 aut  |u A1110  |9 100  |U FAD Fakulta architektúry  |T FA Ústav architektúry obytných budov  |X 8223  |U A1110  |Y 392  |7 A000008223 
245 1 |a Súčasná sakrálna architektúra východného byzantského obradu na východnom Slovensku. Spojenie tradície s novými výrazovými prostriedkami :  |b doktorandská dizertačná práca /  |c Školiteľ P. Pásztor 
260 |a Bratislava :  |b STU FA,  |c 2010 
300 |a 104 s. 
650 7 |a architektúra sakrálna  |2 stusub 
650 7 |a kostoly  |2 stusub 
650 7 |a Slovensko  |2 stusub 
650 7 |a pravoslávne kostoly  |2 stusub 
650 7 |a gréckokatolícke kostoly  |2 stusub 
856 4 0 |u https://opac.crzp.sk/?fn=detailBiblioForm&sid=D33078EAAC81C5B669BBBFC3EA98  |3 CRZP 
996 |b 284AB01009  |c A*7306 V  |l AAKNST  |s P  |a 0  |w stu221058_0001